000 00632nam a2200277Ia 4500
005 20260324130707.0
008 008 260324s9999 xx 000 0 eng d
020 _a9780203058831
037 _aEBOOK
040 _aCRL
040 _beng
040 _cCRL
041 _2eng
041 _aeng
084 _qCRL
100 _aKay Anderson
_91182747
245 0 _aRace and the Crisis of Humanism
260 _bTaylor and Francis
260 _c2007
365 _a
365 _b230
856 _uhttp://www.taylorfrancis.com/books/9780203058831
942 _cEBOOK
999 _c1779134
_d1779134